000 00742nam a2200217Ii 4500
003 JO-AjNU
008 230605s9999||||xx |||||||||||||| ||und||
017 _a1994/6/533
040 _aJO-AjNU
_bara
_erda
_cJO-AjNU
041 _aara
050 1 4 _aJS151 1994
100 3 _aشطناوي، علي خطار ,
_eauthor
_946940
245 0 0 _aالادارة المحلية وتطبيقاتها في الاردن وفرنسا
250 _aط1
264 3 1 _aعمان: المركز العربي، 1994
300 _a264ص
336 _atext
_btxt
_2rdacontent
337 _aunmediated
_bn
_2rdamedia
338 _avolume
_bnc
_2rdacarrier
650 4 _aالادارة المحلية- الاردن -الادارة المحلية-فرنسا
_946941
999 _aA20457
_c24025
_d24025